00541nam a22001697a 450000500170000001000130001702000260003003500130005603700160006908200160008510000210010124500990012226000390022127000790026030000200033950000120035920240408155251.0 aB-758618 c550.00a9780761995418 aB-758618 bGift/Unesco a306.0954792 aPrabhu, K. Seeta aEconomic Reform and Social Sector Development;bA Study of Two Indian States/cK. Seeta Prabhu aNew DelhibSage Publicationsc2001 aB1/1-1 Mohan Cooprative Industrial Area, Mathura Road ,bNew Delhie110044 a371p.c22cm(Hb) a index.